[Event "Leiden SB-ch"]
[Site "Leiden"]
[Date "2006.06.06"]
[Round "4"]
[White "Dorrepaal, Ard"]
[Black "Gorter, Peter"]
[Result "1-0"]
[WhiteElo "1580"]
[BlackElo "1392"]
[PlyCount "61"]
[EventDate "2006.05.16"]
[EventType "swiss"]
[EventRounds "7"]
[EventCountry "NED"]
[SourceTitle "EXT 2012"]
[Source "ChessBase"]
[SourceDate "2011.11.24"]
[SourceVersion "1"]
[SourceVersionDate "2011.11.24"]
[SourceQuality "1"]

1. e4 e5 2. Nf3 Nc6 3. Bc4 Nf6 4. Ng5 d5 5. exd5 b5 6. Bxb5 Qxd5 7. Qe2 Qxg2 8. Qxe5+ Be7 9. Rf1 0-0 10. Qg3 Qxg3 11. hxg3 Nd4 12. Bd3 h6 13. Ne4 Nf3+ 14. Kd1 Bg4 15. Nxf6+ Bxf6 16. Be2 Rfe8 17. Nc3 h5 18. d3 Rab8 19. a4 g6 20. Ne4 Rb6 21. c3 Bh3 22. Rh1 Bg2 23. Be3 Rbe6 24. Rf1 Bxf1 25. Bxf1 a6 26. Bg2 Ne5 27. Bh3 Rc6 28. Bd4 Rd8 29. f4 Nxd3 30. Nxf6+ Rxf6 31. Bxf6 1-0